| 000 | 01755nam2a22002771 4500 | ||
|---|---|---|---|
| 001 | RU\NLR\INFOCOMM44\1000035077 | ||
| 005 | 20250617112350.0 | ||
| 035 | _a(NLR Aleph) 002572085 | ||
| 090 |
_a3198719 _c3198719 |
||
| 100 | _a20040603d1956 |||y0rusy50 ca | ||
| 101 | 0 | _arus | |
| 102 | _aRU | ||
| 105 | _ay ||||||||| | ||
| 200 | 1 |
_aУниверсальная головка к заточному станку _fН.М. Чудаев |
|
| 210 |
_d1956 _aБ. м. |
||
| 225 | 1 | _aИз опыта предприятий Министерства радиотехнической промышленности СССР | |
| 423 | 1 |
_12001#$aПриспособление с гибким валом для нарезки резьбы на каркасах$fОсминкин К.Н. _1700#1$aОсминкин$bК.Н. _1210##$d1956 _tПриспособление с гибким валом для нарезки резьбы на каркасах _aОсминкин, К.Н. |
|
| 461 | 0 |
_1001RU\NLR\INFOCOMM44\1000035052 _12001#$aОбмен опытом$eИнформационный листок стекольной промышленности$fМПСМ СССР. Техн. упр. Проектно-конструкторское бюро ВНИИСтекла$v№24 _93198599 _cМ. _d1956-1958 _fМПСМ СССР. Техн. упр. Проектно-конструкторское бюро ВНИИСтекла _nПромстройиздат _oИнформационный листок стекольной промышленности _tОбмен опытом _v№24 |
|
| 700 | 1 |
_aЧудаев _bН.М. _4070 |
|
| 801 | 1 |
_aRU _bInfoComm _c20040603 |
|
| 801 | 0 |
_aRU _bNLR _gPSBO |
|
| 852 |
_aNLR _jП10/1520 |
||
| 942 | _cISSUE | ||
| 980 | _aNB | ||
| 980 | _aRUSPER | ||